| 000 | 00525nam a2200193Ia 4500 | ||
|---|---|---|---|
| 005 | 20230104100926.0 | ||
| 008 | 131103s9999 xx 000 0 und d | ||
| 040 | _aLoreto College | ||
| 041 | _aEnglish | ||
| 082 |
_a822.09 _bPER |
||
| 100 | _aPerry, Henry Ten Eyck | ||
| 245 | 4 |
_aThe Comic spirit in restoration drama _cby Henry Ten Eyck Perry |
|
| 260 |
_aNew York _bRussell & Russell _c1962 |
||
| 300 | _a148p. | ||
| 504 | _aIncludes index | ||
| 650 | _aEnglish drama - criticism | ||
| 850 | _aLCLIB | ||
| 942 | _cBK | ||
| 999 |
_c22652 _d73131 |
||